000 00578nam a2200181 a 4500
005 20140412111344.0
008 041005s19uu xx 00 eng d
020 _a0-06-028020-4
050 _aTR(GS 513.2'12
_bM95 2000
100 _aMurphy, Stuart
245 _aMonster Musical chairs/
_cStuart Murphy.
260 _aNew York :
_bHarper collins,
_c2000.
300 _a31
440 _aMathstart
520 _aAs six monsters play a wild game of musical chairs, readers learn to subtract- on chair at a time.
650 _aSubtraction Juvenile literature
999 _c105183
_d105183